书目信息 |
| 题名: |
人力资源应用心理学
|
|
| 作者: | 李岚 主编 | |
| 分册: | ||
| 出版信息: | 北京 高等教育出版社 2007 |
|
| 页数: | 238页 | |
| 开本: | 26cm | |
| 丛书名: | ||
| 单 册: | ||
| 中图分类: | F241-05 | |
| 科图分类: | ||
| 主题词: | 劳动力资源--资源管理--管理心理学--高等学校--技术学校--教材 , 资源管理 , 管理心理学 , 劳动力资源 | |
| 电子资源: | ||
| ISBN: | 978-7-04-021608-0 | |
| 000 | 01036nam0 2200289 450 | |
| 000 | 01043nam0 2200289 450 | |
| 000 | 00973nam0 2200265 450 | |
| 000 | 00937oam2 2200253 45 | |
| 005 | 20070727172802.38 | |
| 010 | @a978-7-04-021608-0@dCNY19.70 | |
| 100 | @a20070630d2007 em y0chiy0120 ea | |
| 101 | 0 | @achi |
| 102 | @aCN@b110000 | |
| 105 | @ay z 000yy | |
| 200 | 1 | @a人力资源应用心理学@ARen Li Zi Yuan Ying Yong Xin Li Xue@f李岚主编@FLi Lan Zhu Bian |
| 210 | @a北京@c高等教育出版社@d2007 | |
| 215 | @a238页@d26cm | |
| 300 | @a全国高职高专教育“十一五”规划教材 | |
| 330 | @a本书介绍了心理学理论与方法在人力资源开发与管理中的应用,具本包括心理学在员工招聘、开发与培训、员工激励、职业生涯管理、绩效管理、留人、沟通与冲突、员工心理健康等领域的应用。 | |
| 606 | 0 | @a劳动力资源@x资源管理@x管理心理学@x高等学校@x技术学校@j教材 |
| 606 | 0 | @a资源管理 |
| 606 | 0 | @a管理心理学 |
| 606 | 0 | @a劳动力资源 |
| 690 | @aF241-05@v4 | |
| 701 | 0 | @a李岚@ALi Lan@4主编 |
| 801 | 0 | @aCN@bTAOJIN@c20070727 |
| 905 | @a10447@dF241-05@e68 | |
| 人力资源应用心理学/李岚主编.-北京:高等教育出版社,2007 |
| 238页;26cm |
| 全国高职高专教育“十一五”规划教材 |
| ISBN 978-7-04-021608-0:CNY19.70 |
| 本书介绍了心理学理论与方法在人力资源开发与管理中的应用,具本包括心理学在员工招聘、开发与培训、员工激励、职业生涯管理、绩效管理、留人、沟通与冲突、员工心理健康等领域的应用。 |
| ● |
| 相关链接 |
|
|
|
|
正题名:人力资源应用心理学
索取号:F241-05/68
 
预约/预借
| 序号 | 登录号 | 条形码 | 馆藏地/架位号 | 状态 | 备注 |
| 1 | 0822083 | 208220833 | 第一样本阅览室/ [索取号:F241-05/68] | 在馆 | |
| 2 | 0822084 | 208220842 | 第一借阅区/ [索取号:F241-05/68] | 在馆 | |
| 3 | 0822085 | 208220851 | 第一借阅区/ [索取号:F241-05/68] | 在馆 | |
| 4 | 0822086 | 208220860 | 第一借阅区/ [索取号:F241-05/68] | 在馆 | |
| 5 | 0822087 | 208220879 | 第一借阅区/ [索取号:F241-05/68] | 在馆 |